[Event "Tata dag-4-kamp 2B"]
[Site "?"]
[Date "2018.01.17"]
[Round "3"]
[White "Van Orsouw, Theo"]
[Black "Witt, Rob"]
[Result "1-0"]
[WhiteElo "1950"]
[BlackElo "2152"]
[Annotator "Witt"]
[PlyCount "93"]
[EventDate "2018.??.??"]

{Met 2-2 stond ik een punt voor en remise tegen de zwakste speler van de groep
was voldoende voor groepswinst. Een paar jaar geleden was ik in diezelfde
positie, maar verloor toen van de zwakste speler. Dat zou me nu niet meer
gebeuren. Ik wilde gewoon winnen.} 1. d4 Nf6 2. c4 e6 3. Nc3 Bb4 4. e3 O-O 5.
Bd3 d5 6. cxd5 exd5 {Deze variant heb ik nog nooit op het bord gehad.} 7. a3
Bd6 8. Nge2 Re8 9. Ng3 c6 10. Qc2 Nbd7 11. Bd2 Nb6 {Dit blijkt nieuw te zijn.}
({Een aantal partijen gaan verder met} 11... Nf8 {zoals ik in de eerste ronde
tegen Jos ten Hacken deed. Daar stond dezelfde structuur op het bord maar dan
met een pion op b4.}) 12. O-O Be6 ({Stockfish suggereert} 12... h5 $5 {Geen
seconde overwogen.}) 13. Rad1 g6 (13... h5 $5) 14. e4 {Die speelde Theo a
tempo.} ({Ik had eigenlijk} 14. f3 {verwacht waarop ik} c5 {van plan was.})
14... dxe4 ({Ik heb wel even gekeken naar} 14... Bxg3 {wat de voorkeur van
Stockfish is, maar zonder iets uit te rekenen voelde het niet goed om mijn
zwarte loper te ruilen met met die lege velden rond mijn koning. De engine
gaat verder met} 15. hxg3 dxe4 16. Nxe4 Nxe4 17. Bxe4 Bb3 $1 {Dat is dus de
pointe.} 18. Qxb3 Rxe4 {En nu ik het zo zie, is er toch wel iets voor de
zeggen. Zwart zal niet zo gauw mat gaan en alle eindspelen zijn beter voor
zwart.}) 15. Ngxe4 Be7 16. Bh6 {Na bijna een kwartier.} ({Op} 16. Nc5 {zou ik}
Bc8 {gespeeld hebben.}) 16... Nbd5 {Na 5 minuten.} ({Ik heb} 16... Qxd4 $5 {
niet serieus overwogen wegens} 17. Ba6 $6 {en niet verder gekeken. als je wel
verder kijkt zie je dat zwart heel goed staat na} Qe5 {en wit kan niet op b7
slaan. Noodzakelijk is eerst} 18. Nxf6+ (18. Bxb7 $2 Ng4 19. f4 Qh5 {met
loperwinst.}) 18... Qxf6 19. Bxb7 Rab8 20. Bxc6 Rec8 {met prachtig spel voor
een schamele pion.}) 17. Nc5 Bc8 18. Bc4 Bd6 {Na 7 minuten.} ({Het alternatief
was} 18... Bf5 {maar ik vond de stelling teveel vervlakken na bijv.} 19. Qb3 b6
20. Nd3 Bxd3 21. Rxd3 b5 22. Bxd5 Nxd5 23. Nxd5 Qxd5 $11) 19. h3 b6 20. N5e4 {
A tempo gespeeld. wit nog 3 kwartier, zwart 35 minuten.} ({Ik verwachtte} 20.
Nd3 Bf5 {waarna bovengenoemde variant op het bord zou kunnen komen.}) 20...
Nxe4 21. Nxe4 Be7 {Die deed ik snel omdat ik niet teveel tijd achter wilde
komen.} ({Beter was} 21... Bf5 {en op het voor de hand liggende} 22. Bd3 ({
Veiliger is} 22. f3 Qh4 23. Qf2 $44) {komt} 22... Bf4 $1 {en wit heeft
problemen.}) 22. Rfe1 Bb7 $2 {Na 6 minuten. Hier hoort de loper natuurlijk
niet, wat ik ook wel wist.} ({Maar ik had alleen gekeken naar} 22... Be6 {
en dat leek me niet goed wegens} 23. Ba6 Qd7 24. Rc1 {Ik zag kennelijk weinig
in deze partij want na} Nf6 {is er niks aan de hand.}) ({Er was ook niks tegen
} 22... Bf5 {maar gek genoeg heb ik daar niet naar gekeken.}) 23. Qd3 {Nu
staat wit voor het eerst beter.} Bc8 24. Ng3 {Na 10 minuten deze voor mij
verrassende zet. Ik dacht dat iets met Ph5 de bedoeling was. Het drong niet
meteen tot mij door dat hij f2-f4-f5 van plan is.} (24. Qf3 Be6 {en nu bijv.}
25. b4 {en zwart heeft het lastig.}) 24... Be6 25. f4 Nc7 $6 {Ik zag niks
anders.} ({De engine geeft gelijkspel na allerlei ingewikkelde varianten, te
beginnen met} 25... Bf8 {en dan bijv.} 26. Bg5 f6 27. Bh4 g5 28. Rxe6 Rxe6 29.
Qf5 $44 {maar ik ben niet in staat dat soort dingen uit te rekenen. Zeker niet
op deze dag.}) 26. Rxe6 $2 {A tempo gespeeld.} ({Ik had alleen maar gekeken
naar} 26. Bxe6 Nxe6 27. f5 Nc7 {en dat leek me nog wel te gaan voor zwart.})
26... fxe6 $2 {En die kwam voor Theo dan weer als een verrassing.} ({Hij had
alleen rekening gehouden met} 26... Nxe6 {en dacht dat hij dan vrijwel
gewonnen stond na} 27. f5 {dat dacht ik zelf eerlijk gezegd ook. Bij
thuiskomst zag ik echter} Qxd4+ $3 28. Qxd4 Nxd4 {en zwart staat gewonnen want
op} 29. Rxd4 {volgt} Bc5 $19 {Zo had ik dus moeten spelen.}) 27. f5 Bg5 {
Beide spelers hebben nog een kwartier.} 28. fxe6 $2 {Na 5 minuten niet de
beste.} (28. Bxg5 Qxg5 29. Ne4 $1 {die zullen we allebei gemist hebben.} Qh4
30. fxg6 (30. fxe6 Nd5 $17) 30... Rf8 31. gxh7+ Kh8 {met chaos, maar
waarschijnlijk zijn de kansen gelijk.}) 28... Nd5 29. Bxg5 Qxg5 30. Re1 Rad8 $6
({Logischer was} 30... Re7 {om meteen de druk op pion e6 op te voeren. Zwart
moet hier op winst staan.}) 31. Re5 $6 (31. Ne4 Qe7 32. Nc3 Qf6 $17) 31... Qf4
({Nauwkeuriger eerst} 31... Qc1+ 32. Kh2 {en dan pas} Qf4) 32. Ne4 (32. Ne2)
32... Ne7 33. Qc3 Rf8 34. b4 {Wit nog 3 minuten, zwart 8 minuten.} Rf5 35. Rxf5
{En hier had ik gepland om met de dame te slaan waarna ik gewonnen sta. Maar
plotseling zag ik} gxf5 $4 {Als het paard weggaat sla ik op d4 met schaak en
dameruil en ik had alleen nog even Dg3+ gecheckt, maar dat is ook hopeloos. Ik
dacht dat wit zou opgeven.} (35... Qxf5 $19) {Maar Theo gaf niet op en speelde
snel} 36. Nf6+ {Och, kan het paard daar ook nog heen. Ik was totaal
verbijsterd. Ik zag dat hij in ieder geval eeuwig schaak had en misschien meer.
Na een paar minuten speelde ik} Kf8 {vergezeld van een remiseaanbod. Theo
dacht even na en vervolgde met} 37. d5 {Van de schrik was er kennelijk een
draadje in mijn hoofd losgeschoten want hier speelde ik na een minuut het
belachelijke} c5 $4 {Misschien hoopte ik in een flits op d4 de diagonaal te
blokkeren, maar dat slaat helemaal nergens op.} ({Waarschijnlijk dacht ik dat
ik mat ging maar wit heeft niet meer dan eeuwig schaak na} 37... cxd5 {bijv.}
38. Nxh7+ (38. Bxd5 {is ook geen winstpoging na} h5) 38... Kg8 39. Nf6+ Kf8 40.
Nd7+ ({Na} 40. Bxd5 {kan zwart nu wel nemen.} Nxd5 41. Nxd5 Rxd5 42. Qf6+ Kg8 {
en wit moet eeuwig schaak geven.}) 40... Kg8 41. Qf6 dxc4 $11) 38. Nd7+ Kg8 39.
Nf6+ Kf8 40. Nxh7+ Kg8 41. Nf6+ Kf8 42. Nd7+ Kg8 43. Qf6 $4 {Dat heeft Theo
netjes gezien dacht ik. Ik heb geen eeuwig schaak want na Dc1+ kan de loper er
tussen. Ik wilde eigenlijk opgeven, maar ik besloot Theo het mat te gunnen.} ({
Wit kon op allerlei manieren winnen. Bijv. met} 43. bxc5 bxc5 44. g3 $18 Qd6
45. Nf6+ Kf8 46. Nh5) 43... Qxc4 $4 ({Bij thuiskomst en bij het invoeren van
de partij geeft Stockfish} 43... Qe3+ $1 {Hoe simpel. Eerst de koning naar h1
jagen zodat de loper er niet meer tussen kan. En} 44. Kf1 {is ook geen
winstpoging.} Qf4+ 45. Ke1 Qc1+ 46. Kf2 Qf4+ {enz.}) 44. Qf7+ Kh8 45. Qf6+ Kg8
46. Qg5+ Kh7 47. Nf6+ {En ik feliciteerde Theo. Hier dacht ik nog dat 35....
gxf5?? mijn enige blunder was. Eindstand: 1/2 Witt en Stefan 2-3 3/4 Ten
Hacken en Van Orsouw 1-3} 1-0

[Event "Caïssa intern 2017-2018"]
[Site "?"]
[Date "2018.01.23"]
[Round "2"]
[White "Witt, Rob"]
[Black "Visser, Cees"]
[Result "0-1"]
[WhiteElo "2152"]
[BlackElo "1985"]
[Annotator "Witt"]
[PlyCount "56"]
[EventDate "2018.??.??"]

{Vandaag begon de 2e cyclus van de interne voor mij met Cees Visser als
tegenstander. De eerste ronde was ik in Wijk aan Zee waar ik die dag won van
een sterke Roemeen.} 1. d4 d5 2. c4 c6 3. Nf3 Nf6 4. e3 Bg4 5. h3 Bh5 {Hier
ben ik al weer 'out of book' wat wel vaker voorkomt tegen het Slavisch van
Cees. Hij speelt diverse varianten en kent ze uitstekend.} 6. Nc3 {Na 8
minuten.} ({Ik wilde eerst kiezen voor} 6. g4 Bg6 7. Ne5 {maar zag er snel
vanaf wegens} Bxb1 $6 ({Beter is gewoon} 7... e6) 8. Rxb1 Qa5+ {en ik verlies
mijn a-pion. Als ik nu maar even verder had gekeken dan zou ik gezien hebben
dat dit onzin is want na} 9. Bd2 Qxa2 10. Ra1 Qxb2 11. Nd3 Qb6 12. Ba5 {
verliest zwart de dame.}) 6... e6 7. g4 Bg6 8. Ne5 Nbd7 9. Nxg6 hxg6 10. Bd2 {
Een paar zetten later vond ik mijn loper hier slecht staan. Volgens Cees is
het echter de normale zet.} ({Cees liet ook allerlei varianten zien met de
scherpste voortzetting} 10. g5 {die hij met Merijn van Delft bekeken had. Ik
zou ze niet meer kunnen reproduceren.}) 10... g5 {Hier had Cees voor het eerst
een paar minuten nagedacht.} 11. b3 $2 {Terecht vond Cees dit na afloop een
heel slechte zet. Ik wilde pion c4 dekken om Lg2 te kunnen spelen. Maar het is
de vraag of mijn loper daar wel heen moet.} ({Volgens Cees was} 11. Qb3 {
de juiste zet.}) 11... Be7 {Na 6 minuten.} 12. Bg2 Nf8 $1 {Deze zet kwam in
eerste instantie als een verrassing, maar ik realiseerde me tegelijk dat ik
deze manoeuvre veel vaker gezien heb. Ik begon hier lang na te denken en hoe
langer ik nadacht, hoe slechter ik mijn stelling vond. Na 20 minuten koos ik
uiteindelijk maar voor} 13. Qe2 Ng6 14. O-O-O $2 {Dat was de bedoeling van
mijn vorige zet, maar het staat gelijk aan zelfmoord.} Qa5 ({Niet slecht, maar
nauwkeuriger was eerst} 14... Nh4) 15. Kb1 $2 {Na 10 minuten.} ({Ik zie nu dat
ik een zet met de h-toren had moeten doen om een eventueel Ph4 te kunnen
beantwoorden met Lh1. Bijv.} 15. Rhf1 Nh4 16. Bh1 Bb4 17. Na4 {en de schade
voor wit valt nog mee.}) 15... Bb4 16. Qd3 $2 {Die deed ik nog tamelijk snel,
maar nu is helemaal mis.} ({Ook niet goed was} 16. Rc1 Nh4 17. f3 dxc4 18. bxc4
Rd8 ({Tijdens de partij dacht ik} 18... Ba3 19. Rc2 Nxg2 {en pion c4 valt.
Maar wit heeft de tussenzet} 20. Nd5) 19. Rhd1 Nxg2 20. Qxg2 Ba3 21. Nd5 Qa4
22. Nxf6+ gxf6 23. Rc2 b5 $17) ({Het minst slecht maar ook geen pretje was} 16.
Na4 Nh4 17. Bxb4 Qxb4 18. Bf1 dxc4 19. Qxc4 Qxc4 20. bxc4 Ne4) 16... Nh4 17.
Rdg1 O-O-O ({De engine vindt} 17... O-O {nog sterker omdat zwart dan met dxc4
en b5 kan werken.}) 18. Kb2 $2 {Na 7 minuten.} ({Hier had ik maar} 18. c5 {
moeten proberen. Dat had na korte rokade niet gekund wegens b6. Zwart zal dan
verder gaan met} e5 {en wit kan alleen maar afwachten.}) 18... dxc4 19. Qxc4
Qa3+ {Dat heeft niet veel zin, maar verpest niets.} (19... e5 $19) 20. Ka1 Qa5
{Na 11 minuten de beste zet. Ik zag geen verdediging meer.} 21. Qd3 (21. Kb1 e5
22. a3 Qxa3) 21... e5 22. Nb1 exd4 23. exd4 Bxd2 24. Nxd2 Nd5 {Met nog 15
minuten constateerde Cees dat er geen increment toegevoegd werd. Hij vertelde
dat de klok was ingesteld door Martin en door iemand anders gecontroleerd.
Omdat Cees niemand kon vinden die de klok juist kon instellen, besloten we
maar verder te spelen. Het was toch niet meer spannend.} 25. Nc4 $2 {Nog een
fout in verloren stelling. Ik had niet bepaald mijn avond.} Qxa2+ 26. Kxa2 Nb4+
27. Kb2 Nxd3+ 28. Kc3 Nxf2 {En ik feliciteerde Cees en niet voor het eerst.}
0-1

[Event "Caïssa intern 2017-2018"]
[Site "?"]
[Date "2018.01.30"]
[Round "2.3"]
[White "Willemsma, Abe"]
[Black "Witt, Rob"]
[Result "1-0"]
[WhiteElo "2101"]
[BlackElo "2152"]
[Annotator "Witt"]
[PlyCount "69"]
[EventDate "2018.??.??"]

1. e4 e6 2. d4 d5 3. Nc3 Nf6 4. e5 Nfd7 5. f4 c5 6. Nf3 Nc6 7. Be3 a6 ({
Normaal speel ik hier altijd} 7... Be7) 8. Qd2 b5 9. dxc5 Bxc5 10. Bxc5 Nxc5
11. Bd3 Qb6 12. Qf2 b4 13. Ne2 Nxd3+ $2 {Voor een ervaren Fransspeler een
beginners fout.} ({Normaal is} 13... a5 14. O-O Ba6 {met wederzijdse kansen
wat ik eigenlijk wel weet en meteen na de partij aangaf.}) 14. cxd3 Qxf2+ $2 {
En dit leidt tot een heel slecht eindspel.} (14... Qb5) 15. Kxf2 {Hier begon
ik pas na te denken, maar het is al te laat.} Bd7 16. Rac1 Ke7 17. Ke3 Rhc8 18.
Ned4 Nxd4 19. Nxd4 Ba4 {A tempo gespeeld, gericht tegen Pb3, Kd4, enz.} 20.
Rhf1 {Hierna zat ik een kwartiertje naar mijn stelling te staren zonder iets
speelbaars te zien.} Bd7 21. Nb3 Bb5 22. Kd4 Rab8 $2 {Maakt het wit wel heel
makkelijk.} ({Taaier was} 22... Kd7 {al zwart dat ook niet droog houden.}) 23.
Rxc8 Rxc8 24. Rc1 $18 {Het is uit.} Kd7 25. Rxc8 Kxc8 26. Nc1 Kc7 27. Kc5 b3
28. a3 g6 29. Kb4 Kb6 30. d4 a5+ 31. Kxb3 Bf1 32. g3 Kb5 33. Kc3 Bc4 34. b3 Bf1
35. Nd3 {En hier had ik er genoeg van. We waren vroeg klaar en verder was het
een gezellige avond.} 1-0

[Event "Santpoort-Caïssa 2  41/2-31/2"]
[Site "?"]
[Date "2018.02.03"]
[Round "6"]
[White "Witt, Rob"]
[Black "Haver, Bas"]
[Result "1/2-1/2"]
[WhiteElo "2133"]
[BlackElo "2211"]
[Annotator "Witt"]
[PlyCount "45"]
[EventDate "2018.??.??"]

{Ik had me geheel ingesteld op Harmen Jonkman, maar helaas trof ik Bas Haver.
Op de een of andere manier ging dat ten koste van mijn motivatie en
concentratie.} 1. d4 Nf6 {Op zet 1 al uit mijn voorbereiding. Jonkman speelt
altijd 1.... d5 en dan meestal Aangenomen Damegambiet.} 2. c4 e6 3. Nc3 {
Deze keer geen zin in Katalaans.} Bb4 4. Qc2 c5 5. dxc5 Bxc5 6. Nf3 Qb6 7. e3
Be7 8. Bd3 {Ik weet dat er varianten met g4 bestaan, maar ik ken die
nauwelijks en gezien de snelheid waarmee Bas zijn zetten uitvoerde, leek het
me verstandiger om het rustig aan te doen.} d6 9. O-O Nbd7 10. b3 a6 11. Bb2
Qc7 12. Ng5 {Na bijna 20 minuten.} b6 13. Nge4 ({De engine slaat hier ijskoud
op h7. Ik heb dat niet serieus overwogen.} 13. Nxh7 Nxh7 14. Bxh7 Bb7 15. h3 {
en wit zou een plusje hebben.}) 13... Bb7 14. Nxf6+ Bxf6 {Na 10 minuten.} (
14... Nxf6 15. Ne4 {Leek me ook iets prettiger voor wit.}) 15. Be4 Bxe4 $2 {
Tijdens de partij leek hier niks mis mee.} ({Bij nader inzien had zwart moeten
kiezen voor} 15... Nc5 16. Bxb7 Nxb7) 16. Nxe4 Bxb2 17. Qxb2 O-O {Deze
stelling had Bas voor ogen en 'gezien' dat hij pion d6 niet verliest.} 18. Rfd1
$2 {Na 12 minuten. Ik was teleurgesteld dat ik pion d6 niet kon winnen en
kreeg een beetje spijt van mijn openingskeus.} ({In de post-mortem
constateerden wij allebei verbaasd dat ik wel degelijk de pion had kunnen
winnen met} 18. Qd4 Nc5 19. Qxd6 Qxd6 20. Nxd6 Rfd8 {deze variant heb ik wel
gezien, maar om onduidelijke redenen verworpen omdat ik dacht dat mijn paard
er niet meer uit komt.} 21. Rfd1 Rd7 22. Rd2 ({Nog beter was} 22. Rd4 {maar
die heb ik tijdens de partij niet overwogen.}) 22... Rad8 23. Rad1 Kf8 ({
misschien vreesde ik} 23... f5 {maar dat helpt ook niet.}) 24. Ne4 $16) {
Een fout die onopgemerkt blijft. Ook niet in de post-mortem omdat we niet
verder geanalyseerd hebben.} 18... Rfd8 $2 ({Correct was} 18... Nc5 {wat ik
verwacht had.}) 19. Qd4 $2 {Na 4 minuten. Ik zag na een paar sekonden dat ik
niet in de valstrik Txd6 moest trappen wegens f5. Had ik maar iets langer
gekeken.} (19. Rxd6 f5 {wint geen materiaal wegens} 20. Rad1 fxe4 21. Qd4 {
en wit staat op winst.}) 19... Nc5 20. Nc3 Rd7 $2 {Weer een fout die
onopgemerkt blijft.} (20... Rac8) 21. Rd2 $2 {Bijna a tempo. Ik had me al
voorgenomen om remise aan te bieden.} ({Heel sterk was} 21. b4 Nb7 22. Na4 $16
{Het is allemaal niet moeilijk, maar ik zie niks in deze partij.}) 21... Qc6
22. Rad1 Rad8 23. e4 {En deze zet liet ik vergezeld gaan met een remiseaanbod.
Hiermee kwam de stand op 1½-1½. Lange tijd lag de prognose rond 4-4 maar
uiteindelijk viel het kwartje naar de verkeerde kant en verloren we met
4½-3½. Hierdoor zijn we in ernstig degradatiegevaar.} 1/2-1/2

[Event "Caïssa intern 2017-2018"]
[Site "?"]
[Date "2018.02.06"]
[Round "2.3"]
[White "Van Banning, Jan"]
[Black "Witt, Rob"]
[Result "0-1"]
[WhiteElo "1843"]
[BlackElo "2133"]
[Annotator "Witt"]
[PlyCount "86"]
[EventDate "2018.??.??"]

1. e4 e6 2. d4 d5 3. e5 c5 4. c3 Qb6 5. a3 Nc6 6. Nf3 Nh6 7. b4 cxd4 8. cxd4 ({
Het alternatief} 8. Bxh6 gxh6 9. cxd4 Bd7 10. Ra2 Rg8 {moet ik nodig weer eens
bekijken.}) 8... Nf5 9. Bb2 ({Ook het alternatief} 9. Be3 {moet ik weer eens
bekijken.}) 9... Bd7 ({Vroeger speelde ik ook} 9... Be7 {maar} 10. Bd3 a5 11.
Qa4 {is een beetje vervelend voor zwart.}) 10. g4 Nfe7 ({Minder populair is} 
10... Nh6 {maar dat heb ik ook een paar keer gespeeld en is nog steeds
speelbaar.}) 11. Nc3 Ng6 {Twee dagen eerder speelde ik met Frans Arp zo'n 30
vluggertjes waarbij deze stelling minstens vijf keer op het bord kwam.} ({
Veel populairder is} 11... Na5 12. Qc2 Nc4 13. Bxc4 dxc4 14. Nd2 Qc6 15. Nce4
Nc8 ({Ook goed is} 15... c3 {maar wit kan desgewenst remise maken met} 16. Nd6+
Kd8 17. Nxf7+ Ke8 18. Nd6+) 16. Nxc4 b5 17. Ne3 Qxc2 18. Nxc2 Bc6 19. f3 Nb6 {
en zwart heeft goede compensatie voor de pion maar niet meer.}) 12. h4 (12. Na4
Qd8 13. h4 h5 14. g5 b6 $44) ({Frans speelde hier twee keer het minder goede} 
12. Qd2 {om mijn paard van f4 weg te houden. Maar na} h5 13. g5 Nce7 14. Bd3
Nf5 {levert} 15. Bxf5 exf5 {niks omdat wit niet op d5 kan slaan.} 16. Nxd5 $2
Qc6 $19) 12... h5 13. g5 Nce7 $146 (13... Na5 $5) (13... Rc8) 14. Bd3 (14. Na4
Qc6 $13) 14... Nf5 $2 {Ik zit niet op te letten. Wit had nu op f5 en d5 kunnen
slaan omdat Pf3 gedekt staat.} ({Veel beter was} 14... Nf4) 15. Na4 ({Beter
was dus} 15. Bxf5 exf5 16. Nxd5 Qc6 {Zwart heeft wat vage compensatie na} 17.
Nc3 Rc8 18. d5 Qc4 19. Qe2 a5) 15... Qd8 16. Rc1 b6 17. Qb3 Be7 18. Nc3 {
Tot hier had ik alles vrijwel a tempo gespeeld, wit heeft een half uur
verbruikt.} Nf4 $6 {Na 5 minuten.} ({Mijn eerste gedachte} 18... O-O {blijkt
toch wel beter te zijn. Wit kan niet goed op f5 en d5 slaan. Bijv.} 19. Bxf5
exf5 20. Qxd5 (20. Nxd5 Be6 21. Nxe7+ Nxe7 {en zwart heeft prachtig spel voor
de pion.}) 20... a5 $1 (20... Nf4 {is ook beter voor zwart.}) 21. Qb3 axb4 22.
axb4 f4 $1 {Gevolgd door Lg4. Dit mooie concept heb ik niet gezien.}) 19. Bxf5
exf5 20. Kd2 $6 {deze verrassende zet speelde Jan snel.} ({Beter was echter} 
20. Nxd5 Be6 21. Qa4+ Bd7 22. Qb3 {en als zwart geen remise wil, staat wit
beter.}) 20... Be6 $6 {Na 7 minuten.} (20... O-O {was opnieuw beter geweest.})
21. Nb5 O-O 22. Rc2 $6 {Verdubbeling op de c-lijn lijkt logisch maar is minder
goed.} ({Veilig is} 22. Nc7 Rc8 23. Nxe6 fxe6 24. Rxc8 Qxc8 25. Rc1 Qd7 26. b5
Rc8 {met gelijke kansen.}) 22... Qd7 ({De voorkeur van Stockfish} 22... Bd7 $1
{heb ik niet overwogen.}) 23. a4 $2 {Nu komt zwart duidelijk beter te staan.} (
{Na} 23. Nc7 Rac8 24. Rhc1 Ng6 {is er nog niet zoveel aan de hand al staat
zwart iets beter.}) 23... Rfc8 24. Rhc1 a6 $2 {Te snel en nonchalant gespeeld.}
(24... Rc4 $1 {met groot voordeel.}) 25. Nc3 $2 {Na 3 minuten.} ({Ik had zelf
overzien dat zijn paard naar c7 kon. Maar Jan had dat in die 3 minuten toch
moeten zien.} 25. Nc7 Ra7 26. Nxe6 Rxc2+ 27. Rxc2 Nxe6 $11) 25... b5 26. Ke3
Ng2+ 27. Ke2 Rc4 28. Ba3 Rac8 {Wit nog een half uur, zwart een uur.} (28... f4
$1) 29. axb5 axb5 30. Kf1 Nxh4 {Na 5 minuten.} ({Meteen} 30... f4 $1 $19 {
heb ik niet gezien.}) 31. Nxh4 Bxg5 32. Nf3 Bxc1 33. Bxc1 Qe7 (33... f4 $1) 34.
Ba3 g5 ({Vreemd dat ik alsmaar weiger om snel} 34... f4 {te spelen.}) 35. Nd2 {
Ik beschouwde de partij al een tijdje als gelopen. Maar wit's laatste zet
verraste me en ik dacht nu een kwartiertje na.} Qd7 $2 {Slecht beoordeeld en
slecht berekend. Ik had een andere variant gezien die makkelijk won. Maar toen
dacht ik dat een kwaliteit offeren voor pion d4 ook moest winnen.} ({Mijn
eerste gedachte was} 35... Rxd4 {maar toen zag ik} 36. Nxb5 ({Niet mogelijk is
} 36. Nxd5 $2 Rxd5 37. Rxc8+ Kg7 38. Nf3 Rd8 $19) 36... Rxc2 37. Qxc2 {en dit
leek me nog niet zo makkelijk.}) ({Vervolgens keek ik naar} 35... R4c6 {
en dat leek me eigenlijk simpel gewonnen na bijv.} 36. Rc1 g4 37. Ne2 Rxc1+ 38.
Bxc1 f4 $19) 36. Rc1 {Ik was gaan rondwandelen, had een rookpauze genomen en
toen ik terugkwam zag ik dat Jan de kwaliteit niet had genomen. Ik ging zitten
en speelde a tempo mijn toren terug.} ({Jan had natuurlijk wel moeten slaan.} 
36. Nxc4 dxc4 37. Qb1 Qxd4 38. Qd1 $1 {Die had ik natuurlijk gemist. Het is
ineens niet zo makkelijk gewonnen.} Qd3+ 39. Kg1 f4 {en zwart moet hier nog
hard werken om het punt binnen te halen.}) 36... R4c7 $2 {Idioot natuurlijk.
Zwart blijft wel heel goed staan.} (36... Rxd4) 37. Ne2 $2 {Maar goede raad
was al duur.} ({Misschien had Jan} 37. f4 {moeten spelen zodat mijn loper in
de kast blijft.}) 37... Rxc1+ 38. Nxc1 f4 $19 {Eindelijk!} 39. Nd3 Bh3+ 40. Ke1
Qg4 41. Nc5 Qg1+ 42. Ke2 Bg2 43. Nf3 (43. Qd3 f3+ 44. Nxf3 Qf1+ 45. Ke3 Qxd3+
46. Kxd3 Bxf3) 43... Qf1+ {En Jan feliciteerde me. Hij had geen behoefte aan
analyseren, liever een biertje.} 0-1